000 01652nam0a22003011 4500
001 rc\2148425
005 20260406172208.0
035 _a(NLR Aleph) 006435080
090 _a5585231
_c5585231
100 _a20091007d1978 |||y0rusy50 ca
101 0 _arus
102 _aRU
105 _ay z |||||
200 1 _aСборник задач по курсу "Финансы промышленности и отраслей народного хозяйства"
_e(Учеб. пособие)
_f[Доценты В.В. Бочаров, Н.А. Ястребов, преп. Федоров Б.Н. и др.
_gОбщ. ред.: проф. Жевтяк П.Н.]
210 _aЛенинград
_cЛФЭИ
_d1978
215 _a79 с.
_d20
300 _aВ надзаг.: М-во высш. и сред. спец. образования РСФСР, Ленингр. фин.-экон. ин-т им. Н.А. Вознесенского. Каф. финансов
532 1 3 _aСборник задач по курсу Финансы промышленности и отраслей народного хозяйства"
701 1 _aФедоров
_bБ.Н.
701 1 _aЯстребов
_bН.А.
701 1 _aБочаров
_bВ.В.
_gВладимир Владимирович
702 1 _aЖевтяк
_bП.Н.
_gПетр Наумович
_4340
712 0 2 _aЛенинградский финансово-экономический институт им. Н. А. Вознесенского
_bКафедра финансов
_3RU\NLR\AUTH\889939705
_9374268
801 1 _aRU
_bELAR
_2rusmarc
801 0 _aRU
_bNLR
_gpsbo
852 _aNLR
_j80-4/799
942 _cBOOK
980 _aNB